000 008680000a22002770004500
090 _aMM
_b00193
245 1 0 _aGestión ambiental en el sector carbonífero
300 _bCD-ROM
440 0 _aBiblioteca ambiental digital , 17
_9101008
650 1 4 _aMinería
_993137
650 1 4 _aCarbón
_911383
650 1 4 _aIndustria del carbón
_9101010
650 1 4 _aGestión ambiental
_992206
650 1 4 _aGuías ambientales
_920406
650 1 4 _aNormas ambientales
_94152
651 4 _pColombia
_992749
041 0 _aEspañol
044 _aColombia
710 1 _lColombia
_aMinisterio del Medio Ambiente
_997884
710 1 _lColombia
_aMinisterio de Minas y Energía
_992752
110 1 _aEmpresa Nacional Minera Ltda.
_sMINERCOL
_9101012
260 _aBogotá
_bMINERCOL
_c2002
260 _bMinambiente
260 _bMinisterio de Minas y Energía
942 _cCD-ROM
999 _c16569
_d16569